| 000 | 01764cam a22003495i 4500 | ||
|---|---|---|---|
| 999 |
_c27149 _d27121 |
||
| 001 | 13974938 | ||
| 003 | OSt | ||
| 005 | 20190214095813.0 | ||
| 008 | 050519s2013 mauab frb 001 0 eng d | ||
| 020 | _a9780495913252 | ||
| 020 | _a0495913251 | ||
| 040 |
_aDLC _cDLC _dDLC _dEG-ScBUE _beng |
||
| 043 | _aa-ja--- | ||
| 082 | 0 | 4 |
_a952 _222 _bSCH |
| 100 | 1 | _aSchirokauer, Conrad. | |
| 245 | 1 | 2 |
_aA brief history of Japanese civilization / _cConrad Schirokauer, David Lurie, Suzanne Gay. |
| 250 | _a4th ed. | ||
| 264 | 1 |
_aBoston. Massachusetts : _bWadsworth / Cengage Learning, _cc.2013. |
|
| 300 |
_axv, 310 pages : _bcol. illustrations, col. maps ; _c24 cm. |
||
| 336 |
_2rdacontent _atxt |
||
| 337 |
_2rdamedia _aunmediated |
||
| 338 |
_2rdacarrier _avolume |
||
| 500 | _aIncludes index. | ||
| 504 | _aBibliography : p. 277-298. | ||
| 505 | _aPart One: Beginnings and foundations. Prehistory of the Japanese archipelago. The early state: Chinese and Korean influences -- Part Two: Aristocrats, monks, and Samurai. The Heian period. The Kamakura period in Japan. Muromachi Japan -- Part Three: Early modern/late traditional Japan. The formation of a new order. Tokugawa Shogunate -- Part Four: Japan and the modern world. Endings and beginnings: from Tokugawa to Meiji, 1787-1873. The emergence of modern Japan: 1874-1894. Imperial Japan: 1895-1931. Militarism and war. The new Japan. | ||
| 520 | _aThis compelling text explores the development of Japan through its art, religion, literature, and thought as well as through their economic, political, and social history. | ||
| 651 | 7 |
_aJapan _xCivilization. _2BUEsh _942009 |
|
| 653 |
_bBUSBOL _cFebruary2019 |
||
| 700 | 1 | _aLurie, David. | |
| 700 | 1 | _aGay, Suzanne Marie. | |
| 942 |
_2ddc _cBB |
||